| 000 | 00934 a2200253 4500 | ||
|---|---|---|---|
| 003 | Nust | ||
| 005 | 20170207154048.0 | ||
| 020 | _a0-415-03535-X | ||
| 020 | _a0-415-24038-7 | ||
| 040 | _cNust | ||
| 082 | 0 | 0 | _a181 |
| 100 | _aCarr, Brian | ||
| 245 | 0 | 0 |
_aCompanion encyclopedia of Asian philosophy (E-Book) _cBrian Carr and Indira Mahalingam |
| 260 |
_aLondon : _bRoutledge, _c1997 |
||
| 300 | _axxiii, 1136 s. | ||
| 505 | _aPart I: Persian Philosophy (Page-2), Part II: Indian Philosophy (Page-85), Part III: Buddhist Philosophy (Page-273), Part IV: Chinese Philosophy (Page-440), Part V: Japanese Philosophy (Page-640), Part VI: Islamic Philosophy (Page-760). | ||
| 650 | 4 |
_aFilosofi _xUppslagsbok _zAsien |
|
| 650 | 4 |
_aFilosofi _xUppslagsbok _zAsien |
|
| 650 | 4 |
_aFilosofi _zAsien _xuppslagsbok |
|
| 650 | 4 |
_aFilosofi _zAsien _xuppslagsbok |
|
| 651 | _a(E-Book) | ||
| 700 | 1 |
_aCarr, Brian _4oth |
|
| 700 | 1 |
_aMahalingam, Indira _4oth |
|
| 942 |
_2ddc _cBK |
||
| 999 |
_c192975 _d192975 |
||